000 01108nam a2200145Ia 4500
008 220216s9999 xx 000 0 und d
100 _aHerath P H M U
245 0 _aSome factors affecting replanting of smallholder rubber in Sri Lanka
260 _bPapers presented at IRRDB seminar 5-8 November 1996 Sri Lanka p31
520 _aAn econometric study indicates that the moving average of the rubber prices has significant (p=.05) positive effect on replanting. The total area to be replanted annually has significant role in this regard. Profit variable indicates negative impact on replanting, which shows with higher profit, the rubber growers tends to rely more on existing plantations. However, the impact is not significant. Although the research level studies indicated that the yield potential of the newly bred clones is very high, the average yield performance of these new clones is very high, the average yield performance of these new clones at the smallholder level has no significant effect on replanting.
650 _aRubber
650 _aSmallholder
650 _aSri Lanka
942 _cJS
999 _c68965
_d68965